Les 10 jeux vidéo les plus vendus au monde - Statistiques

Statistiques générales
  • Ce quiz a été pris 189 fois
  • Le résultat moyen est 2 sur 10
Statistiques - réponses
Hint Réponse % Correct
350 millions Minecraft
84%
210 millions GTA 5
65%
100 millions Tetris
31%
93 millions Wii sport
16%
70 millions Red dead redemption
15%
58 millions Super Mario bros
8%
75 millions Mario kart 8 deluxe
7%
75 millions PUBG
3%
60 millions Terraria
3%
50 millions The Witcher 3
1%
Aucun quiz correspondant
Distribution des résultats
% des personnes avec chaque résultat
Percentile par nombre de réponses
Votre historique - résultats
Vous n’avez pas pris ce quiz